000 00632nam a2200193Ia 4500
003 IN-BaIIA
008 211028s9999 xx 000 0 eng d
040 _cIIA Library
080 _a083.7:696.14
_bISI
110 _aIndian Standards Institution
245 0 _aIndian standard specification for vitreous sanitary appliances (vitreous China)
_bpt. 1, general requirements
_cIndian Standards Institution
260 _aNew Delhi
_bIndian Standards Institution
_c1975
300 _a17p.
500 _aIS 2556 : Part 1 : 1974
650 _a Sanitary Appliances
650 _a Standards 
650 _aNASA Thesaurus 
942 _cBK
999 _c5014
_d5014